Alle 12 Hirnnerven - Statistiken

Allgemein
  • Dieses Quiz wurde 77 mal gespielt
  • Das Durchschnittsergebnis liegt bei 8 aus 12
Antwortstatistiken
Hint Antwort % Korrekt
X N. vagus
86%
I N. olfactorius
81%
II N. opticus
81%
V N. trigeminus
78%
VII N. facialis
73%
XII N. hypoglossus
68%
XI N. accessorius
65%
VI N. abducens
62%
III N. oculomotorius
62%
IX N. glossopharngeus
57%
IV N. trochlearis
57%
VIII N. vestibulocochlearis
57%
Keine übereinstimmenden Quizze gefunden
Verteilung der Resultate
Anzahl Personen mit jedem Resultat
Perzentil nach korrekt beantworteten Fragen
Ihre Resultats-Entwicklung
Sie haben dieses Quiz noch nicht gespielt